World's newest countries - Statistics

General Stats
  • This quiz has been taken 62 times
    61 since last reset
  • The average score is 22 of 30
Answer Stats
Year of creation Answer % Correct
2011 South Sudan
95%
2008 Kosovo
91%
1991 Uzbekistan
89%
1990 Belarus
88%
1991 Croatia
86%
2006 Montenegro
86%
1991 Tajikistan
86%
1991 Estonia
84%
2006 Serbia
84%
1991 Turkmenistan
84%
1991 Kyrgyzstan
82%
1991 Moldova
82%
1991 Georgia
81%
1991 North Macedonia
81%
1991 Ukraine
81%
1991 Armenia
79%
1991 Azerbaijan
79%
1993 Czechia
79%
1993 Slovakia
79%
1992 Bosnia and Herzegovina
77%
1991 Slovenia
77%
2002 East Timor
72%
1991 Kazakhstan
72%
1993 Eritrea
54%
1990 Germany
51%
1994 Palau
46%
1990 Yemen
35%
1991 Marshall Islands
33%
1991 Micronesia
32%
1990 Namibia
25%
No matching quizzes found
Score Distribution
Percent of People with Each Score
Percentile by Number Answered
Your Score History
You have not taken this quiz since the last reset